000 00546nab a2200145Ia 4500
003 ES-SlBCS
005 20210601133826.0
008 140529s1986 xxu||||| |||| 00| 0 por d
041 _apor
100 1 _aLisboa de Cunha, María Helena
_9210234
245 0 0 _aO Mito e a Arte como Formas Arquétipas de Inconsciente Coletivo na Psicologia Analítica de C. J. Jung
_c María Helena Lisboa De Cunha
600 1 4 _aJung, Carl G.
_d, 1875-1961
_994797
773 0 _tPresença Filosofica
_gvol. 12, nº. 1-2-3-4, 1986, págs. 240-246
_wRev966
942 _cAR
999 _c602729
_d602729